000 00600nam a22001937a 4500
999 _c177693
_d177693
005 20210225154532.0
010 _aENG-129068
020 _c499.00
_a978-0-7515-7189-9
035 _aEN-112600
037 _bDBAD/PUB
082 _aS
100 _aAlbom, Mitch
245 _aThe Next Person You Meet in Heaven/
_bMitch Albom
260 _aGurugram
_bHachette Book Publishing India Pvt. Ltd.
_c2018
270 _bGurugram
_a4th/5th Floors, Corporate Centre, Plot No- 94, Sec- 44
_e122003
300 _a213p.
_c23cm(hbk)
500 _aThe five people you meet in heaven.
942 _2ddc
_cEN
_hS
_mALB